000 004520000a22001090004500
090 _aAS
_bSeriadas
245 1 0 _aContribución al conocimiento de las relaciones entre los frailejones (<Espeletiinae, Asteraceae>) y los animales en la región del páramo andino
041 0 _aEspañol
100 1 _aSturm, Helmut
_922334
942 _cARTICULO
773 1 _tRevista de la Academia Colombiana de Ciencias Exactas, Fisicas y Naturales
_332
_h67
_q667-685
_d1990
_g17
999 _c14311
_d14311